MARC

Tag First Indicator Second Indicator Subfields
LEADER 00000cam a22000004a 4500
001 in00002012806
005 20151031154041.0
008 031107s2004 iluab b s001 0 eng
010 |a  2003024634 
020 |a 0252029305 (cloth : alk. paper) 
035 |a (OCoLC)ocm53443258 
040 |a DLC  |c DLC  |d C#P  |d UtOrBLW 
042 |a pcc 
043 |a e-gx--- 
049 |a TXAM 
050 0 0 |a GN17.3.G3  |b S33 2004 
082 0 0 |a 301./0943/0904  |2 22 
100 1 |a Schafft, Gretchen Engle. 
245 1 0 |a From racism to genocide :  |b anthropology in the Third Reich /  |c Gretchen E. Schafft. 
264 1 |a Urbana :  |b University of Illinois Press,  |c [2004] 
264 4 |c ©2004 
300 |a xiv, 297 pages :  |b illustrations, map ;  |c 24 cm. 
336 |a text  |b txt  |2 rdacontent 
337 |a unmediated  |b n  |2 rdamedia 
338 |a volume  |b nc  |2 rdacarrier 
504 |a Includes bibliographical references (pages [271]-283) and index. 
505 0 |a Introduction -- The Jews of the Tarnów ghetto -- Anthropology in Germany before the Second World War : the Kaiser Wilhelm Institute -- The rise of Hitler and his embrace of anthropology -- The discovery in the Smithsonian -- Population selection and relocation in the midst of war -- Anthropology and medicine in the Third Reich -- The end of the war and the aftermath -- Race and racism -- Professional denial, civic denial, and a responsible anthropology. 
650 0 |a Anthropology  |z Germany  |x History  |y 20th century. 
650 0 |a Racism in anthropology  |z Germany  |x History  |y 20th century. 
650 0 |a Anthropometry  |z Germany  |x History  |y 20th century. 
650 0 |a Eugenics  |z Germany  |x History  |y 20th century. 
650 0 |a Anthropological ethics  |z Germany  |x History  |y 20th century. 
650 0 |a National socialism  |z Germany  |x History. 
610 2 0 |a National Anthropological Archives  |x History  |v Sources. 
610 2 0 |a Institut für Deutsche Ostarbeit (Kraków, Poland)  |x History  |v Sources. 
651 0 |a Germany  |x History  |y 1933-1945. 
651 0 |a Germany  |x Politics and government  |y 1933-1945. 
650 0 |a World War, 1939-1945  |x Collaborationists  |z Germany. 
856 4 1 |3 Table of contents  |u http://www.loc.gov/catdir/toc/ecip0411/2003024634.html  |t 0 
945 |i PromptCat 
948 |a cataloged  |b cmulkey  |c 2004/12/20  |d 11:21:37 am 
994 |a 92  |b TXA 
999 |a MARS 
999 f f |s 3bcbe4f5-84d6-3d15-8413-3832671d469f  |i 2b065ea5-43dc-35d8-8a2c-241af74720e7  |t 0 
952 f f |p ric  |a Texas A&M University  |b Rellis Campus  |c Joint Library Facility  |d Remote Storage  |t 0  |e GN17.3.G3 S33 2004  |h Library of Congress classification  |i unmediated -- volume  |m A14831658760 
998 f f |a GN17.3.G3 S33 2004  |t 0  |l Remote Storage